000 00531nam a2200205Ia 4500
005 20250508161850.0
008 008 250505s9999 xx 000 0 eng d
020 _a0-87548-124-8
037 _aTextual
040 _aFEDL
_beng
_cFEDL
041 _aeng
_2eng
084 _a370.973, TON
_qFEDL
100 _aTonsor Stephen
_991101
245 0 _aTradition and reform in education
260 _c1974
300 _axi,250p.
650 _aEducation
942 _cTEXL
_h370.973, TON
999 _c1372815
_d1372815